Referencial de combate a fraude e corrupção : (Record no. 1217)

MARC details
000 -LÍDER
Campo Fixo de Controle 00788nam a2200229 a 4500
001 - NÚMERO DE CONTROLE
Campo de Controle 1217
003 - IDENTIFICAÇÃO DO NÚMERO DE CONTROLE
Campo de Controle BR-CuiBMT
005 - DATA E HORA DA ÚLTIMA ATUALIZAÇÃO
Campo de Controle 20231216004403.0
008 - DADOS FIXOS
Dados Fixos 231201s2017 dfba 000 0 por d
040 ## - AGÊNCIA CATALOGADORA
Código da Agência Catalogadora BR-CuiBMT
Agência que transcreveu o registro BR-CuiBMT
080 ## - Nº DA CLASSIFICAÇÃO DECIMAL UNIVERSAL
Nº Class. CDU 353.35
Nº edição CDU 2007
090 ## - NÚMERO DE CHAMADA
Nº classificação 353.35
Cutter B823r
110 ## - ENTRADA PRINCIPAL -- ENTIDADE
Nome da entidade ou lugar Brasil
Unidade subordinada Tribunal de Contas da União
245 1# - TÍTULO PRINCIPAL
Título principal Referencial de combate a fraude e corrupção :
Subtítulo aplicável a órgãos e entidades da Administração Pública /
Indicação de responsabilidade Tribunal de Contas da União.
260 ## - PUBLICAÇÃO, DISTRIBUIÇÃO, ETC.
Local de publicação Brasília :
Editora TCU,
Data 2017.
300 ## - DESCRIÇÃO FÍSICA
N. páginas ou volumes 132 p. :
Ilustrações il.;
Dimensões 27 cm
504 ## - NOTA DE BIBLIOGRAFIA, ETC.
Nota de bibliografia Inclui bibliografia.
650 ## - ASSUNTO TÓPICO
Cabeçalho tópico ou nome geográfico Crime contra a administração pública
Subdivisão geográfica Brasil
650 ## - ASSUNTO TÓPICO
Cabeçalho tópico ou nome geográfico Abuso de poder
Subdivisão geográfica Brasil
650 ## - ASSUNTO TÓPICO
Cabeçalho tópico ou nome geográfico Administração pública
Subdivisão geral controle
Subdivisão geográfica Brasil
942 ## - ELEMENTOS DE ENTRADA ADICIONAIS (KOHA)
Fonte de classificação ou esquema de arquivamento Classificação Decimal Universal
Tipo de item do Koha Livros
Holdings
Estado: removido Estado: perdido Fonte de classificação ou esquema de arquivamento Estado: danificado Indisponível para empréstimo Localização permanente Localização atual Data de aquisição Total Checkouts Número de Chamada completo Código de barras Date last seen Número do exemplar Preço efetivo a partir de Tipo de item (Koha)
    Classificação Decimal Universal     Biblioteca da Escola Superior de Contas do TCE/MT Biblioteca da Escola Superior de Contas do TCE/MT 01/12/2023   353.35 B823r BIBTCEMT23120019 01/12/2023 Ex. 1 01/12/2023 Livros
    Classificação Decimal Universal     Biblioteca da Escola Superior de Contas do TCE/MT Biblioteca da Escola Superior de Contas do TCE/MT 14/12/2023   353.35 B823r BIBTCEMT23120461 14/12/2023 Ex. 2 14/12/2023 Livros
    Classificação Decimal Universal     Biblioteca da Escola Superior de Contas do TCE/MT Biblioteca da Escola Superior de Contas do TCE/MT 15/12/2023   353.35 B823r BIBTCEMT23120658 16/12/2023 Ex. 3 16/12/2023 Livros
    Classificação Decimal Universal     Biblioteca da Escola Superior de Contas do TCE/MT Biblioteca da Escola Superior de Contas do TCE/MT 15/12/2023   353.35 B823r BIBTCEMT23120659 16/12/2023 Ex. 4 16/12/2023 Livros

Powered by Koha